South Asia 2010: challenges and opportunities (Record no. 404934)

000 -LEADER
fixed length control field 00463cam a22001577a 4500
008 - FIXED-LENGTH DATA ELEMENTS--GENERAL INFORMATION
fixed length control field 180718b2002 xxu||||| |||| 00| 0 eng d
020 ## - INTERNATIONAL STANDARD BOOK NUMBER
International Standard Book Number 8122006248
082 ## - DEWEY DECIMAL CLASSIFICATION NUMBER
Classification number Dx54 B469
245 ## - TITLE STATEMENT
Title South Asia 2010: challenges and opportunities
Statement of responsibility, etc. edited by K.K. Bhargava and Sridhar K. Khatri
260 ## - PUBLICATION, DISTRIBUTION, ETC.
Place of publication, distribution, etc. Delhi
Name of publisher, distributor, etc. Konark
Date of publication, distribution, etc. 2002
300 ## - PHYSICAL DESCRIPTION
Extent 531p.
650 ## - SUBJECT ADDED ENTRY--TOPICAL TERM
Topical term or geographic name entry element South Asia
650 ## - SUBJECT ADDED ENTRY--TOPICAL TERM
Topical term or geographic name entry element 21st century --Forecasts
700 ## - ADDED ENTRY--PERSONAL NAME
Personal name Khatri, Sridhar K.
700 ## - ADDED ENTRY--PERSONAL NAME
Personal name Bhargava, K.K.
Holdings
Withdrawn status Lost status Damaged status Not for loan Permanent Location Current Location Date acquired Full call number Barcode Date last seen Price effective from Koha item type
        Indian Institute of Public Administration Indian Institute of Public Administration 2005-12-16 Dx54 B469 80802 2018-07-21 2018-07-21 Book

Powered by Koha